[Event "World Chess Olympiad 2018"]
[Site "Batumi"]
[Date "2018.09.25"]
[Round "2"]
[Board "3"]
[WhiteFideId "6300014"]
[White "Dastan Muhammed Batuhan"]
[BlackFideId "908630"]
[Black "Makolli Perparim"]
[Result "1-0"]
[LiveChessVersion "1.4.8"]
[BlackElo "2284"]
[WhiteElo "2569"]

1. d4 {[%clk 1:30:56]} d5 {[%clk 1:30:25]} 2. Bf4 {[%clk 1:31:18]} e6
{[%clk 1:29:57]} 3. e3 {[%clk 1:31:16]} Bd6 {[%clk 1:29:50]} 4. Bg3
{[%clk 1:27:09]} Qe7 {[%clk 1:26:45]} 5. c4 {[%clk 1:20:14]} Nf6 {[%clk 1:18:45]}
6. Nc3 {[%clk 1:19:59]} dxc4 {[%clk 1:16:58]} 7. Bxc4 {[%clk 1:18:32]} a6
{[%clk 1:12:22]} 8. Nf3 {[%clk 1:02:25]} b5 {[%clk 1:07:21]} 9. Bd3
{[%clk 1:00:18]} Bb7 {[%clk 1:07:17]} 10. Bh4 {[%clk 0:52:30]} h6
{[%clk 0:59:32]} 11. Be4 {[%clk 0:50:47]} c6 {[%clk 0:48:08]} 12. Nd2
{[%clk 0:34:46]} g5 {[%clk 0:37:46]} 13. Bg3 {[%clk 0:35:04]} Bxg3
{[%clk 0:33:05]} 14. hxg3 {[%clk 0:35:18]} Nbd7 {[%clk 0:33:18]} 15. Bf3
{[%clk 0:32:42]} e5 {[%clk 0:23:43]} 16. Nb3 {[%clk 0:31:15]} O-O-O
{[%clk 0:18:31]} 17. Qc2 {[%clk 0:26:12]} exd4 {[%clk 0:15:05]} 18. Nxd4
{[%clk 0:25:34]} Ne5 {[%clk 0:14:41]} 19. O-O-O {[%clk 0:24:12]} Nxf3
{[%clk 0:11:57]} 20. gxf3 {[%clk 0:23:03]} c5 {[%clk 0:07:43]} 21. Qf5+
{[%clk 0:22:08]} Kb8 {[%clk 0:07:20]} 22. Nb3 {[%clk 0:22:34]} Rc8
{[%clk 0:06:57]} 23. Na5 {[%clk 0:21:31]} Ba8 {[%clk 0:06:56]} 24. e4
{[%clk 0:19:53]} Rce8 {[%clk 0:04:57]} 25. Nb3 {[%clk 0:16:37]} Rc8
{[%clk 0:03:03]} 26. e5 {[%clk 0:16:41]} Ne8 {[%clk 0:02:30]} 27. Rd7
{[%clk 0:15:52]} Ng7 {[%clk 0:02:52]} 28. Qxf7 {[%clk 0:15:50]} Qxf7
{[%clk 0:01:43]} 29. Rxf7 {[%clk 0:16:14]} Ne6 {[%clk 0:01:32]} 30. Rf6
{[%clk 0:15:17]} Rce8 {[%clk 0:01:34]} 31. Ne4 {[%clk 0:13:13]} Bxe4
{[%clk 0:01:13]} 32. fxe4 {[%clk 0:13:41]} c4 {[%clk 0:01:17]} 33. Nd2
{[%clk 0:13:29]} h5 {[%clk 0:00:52]} 34. Kc2 {[%clk 0:07:41]} g4 {[%clk 0:00:47]}
35. Kc3 {[%clk 0:06:49]} Nc5 {[%clk 0:00:40]} 36. Kd4 {[%clk 0:05:13]} Nd3
{[%clk 0:00:34]} 37. b3 {[%clk 0:04:31]} Rxe5 {[%clk 0:00:50]} 38. bxc4
{[%clk 0:04:30]} Rd8+ {[%clk 0:01:19]} 39. Ke3 {[%clk 0:04:45]} Ka7
{[%clk 0:01:07]} 40. Rf5 {[%clk 0:33:47]} Rxf5 {[%clk 0:30:32]} 41. exf5
{[%clk 0:34:09]} Nxf2 {[%clk 0:27:00]} 42. Rf1 {[%clk 0:29:21]} Nd3
{[%clk 0:20:44]} 43. cxb5 {[%clk 0:29:46]} Nb4 {[%clk 0:12:30]} 44. Ne4
{[%clk 0:26:45]} axb5 {[%clk 0:09:32]} 45. Kf4 {[%clk 0:27:08]} Nd5+
{[%clk 0:06:43]} 46. Kg5 {[%clk 0:27:17]} Re8 {[%clk 0:01:19]} 47. Nf6
{[%clk 0:26:04]} Nxf6 {[%clk 0:01:43]} 48. Kxf6 {[%clk 0:26:28]} Re3
{[%clk 0:02:04]} 49. Kg6 {[%clk 0:24:50]} Rf3 {[%clk 0:01:32]} 50. Rg1
{[%clk 0:25:10]} Kb6 {[%clk 0:01:53]} 51. f6 {[%clk 0:25:14]} Kc5
{[%clk 0:02:11]} 52. f7 {[%clk 0:25:29]} Kd4 {[%clk 0:02:37]} 53. Rh1
{[%clk 0:25:20]} 1-0

[Event "World Chess Olympiad 2018"]
[Site "Batumi"]
[Date "2018.09.25"]
[Round "2"]
[Board "4"]
[WhiteFideId "22100199"]
[White "Uruci Endrit"]
[BlackFideId "6300545"]
[Black "Sanal Vahap"]
[Result "1/2-1/2"]
[LiveChessVersion "1.4.8"]
[BlackElo "2502"]
[WhiteElo "2157"]

1. e4 {[%clk 1:30:52]} c5 {[%clk 1:30:50]} 2. Nf3 {[%clk 1:30:49]} e6
{[%clk 1:31:12]} 3. d4 {[%clk 1:30:21]} cxd4 {[%clk 1:31:33]} 4. Nxd4
{[%clk 1:30:43]} a6 {[%clk 1:31:58]} 5. Be3 {[%clk 1:30:02]} b5 {[%clk 1:30:08]}
6. Nd2 {[%clk 1:26:37]} Bb7 {[%clk 1:29:39]} 7. Bd3 {[%clk 1:24:21]} Nf6
{[%clk 1:28:29]} 8. O-O {[%clk 1:23:38]} d6 {[%clk 1:25:35]} 9. a4
{[%clk 1:20:17]} b4 {[%clk 1:25:05]} 10. f4 {[%clk 1:15:52]} Nbd7
{[%clk 1:25:16]} 11. N4b3 {[%clk 1:14:33]} Be7 {[%clk 1:24:51]} 12. a5
{[%clk 1:13:33]} O-O {[%clk 1:23:59]} 13. Ra4 {[%clk 1:09:12]} d5
{[%clk 1:23:32]} 14. e5 {[%clk 1:07:27]} Ne4 {[%clk 1:23:49]} 15. Qf3
{[%clk 0:57:40]} Bc6 {[%clk 1:11:29]} 16. Raa1 {[%clk 0:57:02]} Nxd2
{[%clk 1:09:24]} 17. Bxd2 {[%clk 0:56:34]} Bb5 {[%clk 1:08:38]} 18. Bxb5
{[%clk 0:54:07]} axb5 {[%clk 1:06:53]} 19. Qd3 {[%clk 0:53:27]} Qb8
{[%clk 1:04:57]} 20. Be3 {[%clk 0:48:03]} Rc8 {[%clk 1:04:13]} 21. Rfc1
{[%clk 0:46:00]} Ra6 {[%clk 0:58:45]} 22. c3 {[%clk 0:41:56]} Rc4
{[%clk 0:56:39]} 23. Nd2 {[%clk 0:39:53]} Nc5 {[%clk 0:50:13]} 24. Qc2
{[%clk 0:33:11]} bxc3 {[%clk 0:48:07]} 25. Nxc4 {[%clk 0:30:38]} bxc4
{[%clk 0:46:52]} 26. bxc3 Nb3 {[%clk 0:47:13]} 27. Rcb1 {[%clk 0:28:56]} g6
{[%clk 0:44:16]} 28. Ra2 {[%clk 0:27:07]} Bd8 {[%clk 0:43:21]} 29. Rab2
{[%clk 0:25:33]} Rxa5 {[%clk 0:41:22]} 30. Rxb3 {[%clk 0:25:40]} cxb3
{[%clk 0:41:47]} 31. Qxb3 {[%clk 0:25:58]} Qc7 {[%clk 0:38:48]} 32. Bd4
{[%clk 0:23:43]} h5 {[%clk 0:37:52]} 33. Qb8 {[%clk 0:22:47]} Kg7
{[%clk 0:33:53]} 34. Qxc7 {[%clk 0:21:36]} Bxc7 {[%clk 0:34:21]} 35. Rb7
{[%clk 0:21:18]} Bd8 {[%clk 0:34:41]} 36. Rb8 {[%clk 0:20:48]} Be7
{[%clk 0:34:23]} 37. g3 {[%clk 0:20:54]} Bc5 {[%clk 0:30:58]} 38. Rb1
{[%clk 0:20:14]} h4 {[%clk 0:24:15]} 39. Kg2 {[%clk 0:19:29]} Bxd4
{[%clk 0:18:01]} 40. cxd4 {[%clk 0:49:52]} hxg3 {[%clk 0:44:43]} 41. hxg3
{[%clk 0:48:43]} g5 {[%clk 0:44:18]} 42. Kf3 {[%clk 0:46:30]} Kg6
{[%clk 0:39:05]} 43. Kg4 {[%clk 0:44:19]} Ra4 {[%clk 0:39:06]} 44. Rd1
{[%clk 0:44:24]} gxf4 {[%clk 0:37:22]} 45. gxf4 {[%clk 0:44:46]} Ra2
{[%clk 0:35:42]} 46. Rg1 {[%clk 0:44:54]} Kg7 {[%clk 0:33:56]} 47. f5
{[%clk 0:44:02]} Rf2 {[%clk 0:32:11]} 48. Kh5+ {[%clk 0:39:33]} Kh7
{[%clk 0:30:00]} 1/2-1/2

[Event "World Chess Olympiad 2018"]
[Site "Batumi"]
[Date "2018.09.25"]
[Round "2"]
[Board "2"]
[WhiteFideId "12510130"]
[White "Idani Pouya"]
[BlackFideId "4000102"]
[Black "Berend Fred"]
[Result "1-0"]
[LiveChessVersion "1.4.8"]
[BlackElo "2358"]
[WhiteElo "2589"]

1. d4 {[%clk 1:30:57]} Nf6 {[%clk 1:30:55]} 2. c4 {[%clk 1:31:23]} e6
{[%clk 1:31:22]} 3. Nc3 {[%clk 1:31:49]} Bb4 {[%clk 1:31:49]} 4. e3
{[%clk 1:32:13]} O-O {[%clk 1:31:32]} 5. Nge2 {[%clk 1:31:56]} c6
{[%clk 1:31:40]} 6. a3 {[%clk 1:31:50]} Ba5 {[%clk 1:32:06]} 7. Bd2
{[%clk 1:31:59]} d5 {[%clk 1:32:01]} 8. cxd5 {[%clk 1:32:14]} exd5
{[%clk 1:32:13]} 9. Ng3 {[%clk 1:32:40]} Re8 {[%clk 1:30:16]} 10. Bd3
{[%clk 1:32:29]} Nbd7 {[%clk 1:24:50]} 11. O-O {[%clk 1:32:32]} Nf8
{[%clk 1:22:34]} 12. f3 {[%clk 1:28:57]} h5 {[%clk 1:21:42]} 13. Qe1
{[%clk 1:27:50]} g6 {[%clk 1:16:39]} 14. Nxd5 {[%clk 1:24:30]} Nxd5
{[%clk 1:11:18]} 15. Bxa5 {[%clk 1:24:19]} Qe7 {[%clk 1:08:10]} 16. e4
{[%clk 1:23:47]} Nf4 {[%clk 1:08:26]} 17. Qe3 {[%clk 1:12:11]} N8e6
{[%clk 1:05:07]} 18. Bc4 {[%clk 1:12:30]} h4 {[%clk 1:04:12]} 19. Bxe6
{[%clk 1:12:54]} hxg3 {[%clk 0:57:56]} 20. Qxf4 {[%clk 1:03:43]} gxh2+
{[%clk 0:58:17]} 21. Kf2 {[%clk 1:03:12]} Bxe6 {[%clk 0:55:54]} 22. Rh1
{[%clk 1:01:17]} f6 {[%clk 0:53:26]} 23. Rxh2 {[%clk 0:58:48]} g5
{[%clk 0:51:22]} 24. Qg3 {[%clk 0:58:38]} Kg7 {[%clk 0:50:30]} 25. Bb4
{[%clk 0:56:58]} Qf7 {[%clk 0:50:34]} 26. Bc3 {[%clk 0:57:23]} Qg6
{[%clk 0:48:26]} 27. Rah1 {[%clk 0:56:58]} Rh8 {[%clk 0:48:18]} 28. Rxh8
{[%clk 0:56:46]} Rxh8 {[%clk 0:48:35]} 29. Rxh8 {[%clk 0:57:14]} Kxh8
{[%clk 0:48:49]} 30. Qb8+ {[%clk 0:57:41]} Qg8 {[%clk 0:45:53]} 31. Qxb7
{[%clk 0:57:55]} Qh7 {[%clk 0:38:21]} 32. Qxc6 {[%clk 0:57:52]} Qd7
{[%clk 0:34:40]} 33. Qa6 {[%clk 0:57:11]} Qc8 {[%clk 0:20:36]} 34. Qxa7
{[%clk 0:57:19]} Kg8 {[%clk 0:21:01]} 35. d5 {[%clk 0:57:33]} Bf7
{[%clk 0:21:25]} 36. Qd4 {[%clk 0:57:55]} Qa6 {[%clk 0:19:26]} 37. d6
{[%clk 0:58:08]} 1-0

[Event "World Chess Olympiad 2018"]
[Site "Batumi"]
[Date "2018.09.25"]
[Round "2"]
[Board "3"]
[WhiteFideId "4001206"]
[White "Linster Philippe"]
[BlackFideId "12521213"]
[Black "Tabatabaei M.amin"]
[Result "0-1"]
[LiveChessVersion "1.4.8"]
[BlackElo "2576"]
[WhiteElo "2273"]

1. c4 {[%clk 1:30:57]} e5 {[%clk 1:30:52]} 2. g3 {[%clk 1:31:20]} Nf6
{[%clk 1:31:08]} 3. Bg2 {[%clk 1:31:44]} d5 {[%clk 1:31:30]} 4. cxd5
{[%clk 1:32:06]} Nxd5 {[%clk 1:31:53]} 5. Nc3 {[%clk 1:32:25]} Nb6
{[%clk 1:32:15]} 6. Nf3 {[%clk 1:32:46]} Nc6 {[%clk 1:32:39]} 7. O-O
{[%clk 1:33:06]} Be7 {[%clk 1:33:05]} 8. a3 {[%clk 1:32:40]} a5 {[%clk 1:33:26]}
9. d3 {[%clk 1:32:27]} O-O {[%clk 1:33:49]} 10. Be3 {[%clk 1:32:29]} Be6
{[%clk 1:33:53]} 11. Rc1 {[%clk 1:27:58]} a4 {[%clk 1:34:08]} 12. Bxb6
{[%clk 1:21:08]} cxb6 {[%clk 1:34:30]} 13. Nxa4 {[%clk 1:21:07]} e4
{[%clk 1:22:52]} 14. Ne1 {[%clk 1:09:06]} Bg5 {[%clk 1:21:10]} 15. Rxc6
{[%clk 1:05:11]} bxc6 {[%clk 1:20:47]} 16. Bxe4 {[%clk 1:05:25]} Rc8
{[%clk 0:54:06]} 17. Bg2 {[%clk 0:56:18]} c5 {[%clk 0:53:50]} 18. Qc2
{[%clk 0:50:47]} f5 {[%clk 0:41:36]} 19. Nf3 {[%clk 0:47:50]} Bf6
{[%clk 0:42:04]} 20. b3 {[%clk 0:39:23]} g5 {[%clk 0:41:32]} 21. Nd2
{[%clk 0:35:30]} h5 {[%clk 0:39:14]} 22. Nc3 {[%clk 0:32:21]} h4 {[%clk 0:36:07]}
23. Nc4 {[%clk 0:30:04]} hxg3 {[%clk 0:31:47]} 24. hxg3 {[%clk 0:30:26]} Kg7
{[%clk 0:30:38]} 25. Nb5 {[%clk 0:28:41]} Rh8 {[%clk 0:25:37]} 26. Ncd6
{[%clk 0:25:47]} Qg8 {[%clk 0:16:51]} 27. Nxc8 {[%clk 0:23:37]} Qh7
{[%clk 0:14:32]} 28. Rc1 {[%clk 0:21:47]} Qh2+ {[%clk 0:13:50]} 29. Kf1
{[%clk 0:22:16]} Rxc8 {[%clk 0:11:29]} 30. Bb7 {[%clk 0:09:34]} f4
{[%clk 0:09:30]} 31. gxf4 {[%clk 0:08:05]} gxf4 {[%clk 0:08:42]} 32. Ke1
{[%clk 0:05:49]} Rb8 {[%clk 0:06:33]} 33. Nc7 {[%clk 0:04:20]} Bg4
{[%clk 0:05:56]} 34. Bf3 {[%clk 0:02:30]} Bxf3 {[%clk 0:05:48]} 35. exf3
{[%clk 0:02:58]} Rc8 {[%clk 0:06:13]} 36. Ne6+ {[%clk 0:02:40]} Kf7
{[%clk 0:06:42]} 37. Nxf4 {[%clk 0:01:59]} Qxf4 {[%clk 0:03:46]} 38. Qc4+
{[%clk 0:02:29]} Qxc4 {[%clk 0:04:04]} 39. Rxc4 {[%clk 0:02:45]} Ra8
{[%clk 0:03:19]} 40. a4 {[%clk 0:31:24]} Bd4 {[%clk 0:33:43]} 41. Kf1
{[%clk 0:21:19]} Ke6 {[%clk 0:32:16]} 42. Rc2 {[%clk 0:20:50]} Kd5
{[%clk 0:32:28]} 43. Re2 {[%clk 0:20:22]} Rf8 {[%clk 0:32:52]} 44. Kg2
{[%clk 0:20:37]} Be5 {[%clk 0:33:12]} 45. Re4 {[%clk 0:18:45]} Rf4
{[%clk 0:32:55]} 46. Kh3 {[%clk 0:18:54]} Rxf3+ {[%clk 0:33:17]} 0-1

[Event "World Chess Olympiad 2018"]
[Site "Batumi"]
[Date "2018.09.25"]
[Round "2"]
[Board "1"]
[WhiteFideId "2285525"]
[White "Anton Guijarro David"]
[BlackFideId "6400361"]
[Black "Munoz Santana Jose Lisandro"]
[Result "1-0"]
[LiveChessVersion "1.4.8"]
[BlackElo "2434"]
[WhiteElo "2639"]

1. e4 {[%clk 1:30:53]} c6 {[%clk 1:30:48]} 2. d4 {[%clk 1:30:52]} d5
{[%clk 1:31:04]} 3. e5 {[%clk 1:30:55]} c5 {[%clk 1:31:26]} 4. dxc5
{[%clk 1:30:44]} e6 {[%clk 1:31:37]} 5. Nf3 {[%clk 1:30:15]} Bxc5
{[%clk 1:31:56]} 6. Bd3 {[%clk 1:30:26]} Nc6 {[%clk 1:32:04]} 7. O-O
{[%clk 1:28:24]} Nge7 {[%clk 1:30:31]} 8. Nbd2 {[%clk 1:21:58]} Ng6
{[%clk 1:22:56]} 9. Nb3 {[%clk 1:21:17]} Be7 {[%clk 1:16:26]} 10. Bxg6
{[%clk 1:12:56]} fxg6 {[%clk 1:02:54]} 11. Bf4 {[%clk 1:03:51]} O-O
{[%clk 0:51:24]} 12. Qd2 {[%clk 0:56:42]} g5 {[%clk 0:47:24]} 13. Bxg5
{[%clk 0:52:02]} Nxe5 {[%clk 0:44:20]} 14. Nxe5 {[%clk 0:51:39]} Bxg5
{[%clk 0:44:44]} 15. f4 {[%clk 0:50:34]} Bf6 {[%clk 0:32:03]} 16. Rae1
{[%clk 0:50:10]} a5 {[%clk 0:26:57]} 17. Nd4 {[%clk 0:45:33]} Qb6
{[%clk 0:23:02]} 18. c3 {[%clk 0:44:25]} Qc5 {[%clk 0:20:07]} 19. a3
{[%clk 0:41:34]} Ra6 {[%clk 0:19:58]} 20. Rf3 {[%clk 0:39:56]} b5
{[%clk 0:13:40]} 21. b4 {[%clk 0:34:19]} Qa7 {[%clk 0:11:48]} 22. h3
{[%clk 0:33:40]} axb4 {[%clk 0:12:01]} 23. axb4 {[%clk 0:34:05]} Bd7
{[%clk 0:05:17]} 24. Kh2 {[%clk 0:30:58]} Be8 {[%clk 0:05:28]} 25. Qd3
{[%clk 0:27:53]} Qb8 {[%clk 0:04:13]} 26. Qe3 {[%clk 0:23:22]} Bh4
{[%clk 0:01:01]} 27. Ref1 {[%clk 0:19:15]} Bf6 {[%clk 0:01:29]} 28. Nd3
{[%clk 0:16:42]} Bxd4 {[%clk 0:00:37]} 29. Qxd4 {[%clk 0:15:33]} Bg6
{[%clk 0:00:50]} 30. Nc5 {[%clk 0:15:05]} Rd6 {[%clk 0:01:11]} 31. Ra1
{[%clk 0:11:35]} Bf5 {[%clk 0:01:17]} 32. Qe5 {[%clk 0:09:01]} Qb6
{[%clk 0:00:31]} 33. Rg3 {[%clk 0:06:31]} Rf7 {[%clk 0:00:33]} 34. Ra6
{[%clk 0:06:46]} Qxa6 {[%clk 0:00:57]} 35. Nxa6 {[%clk 0:07:11]} Rxa6
{[%clk 0:01:24]} 36. Qb8+ {[%clk 0:07:31]} 1-0

[Event "World Chess Olympiad 2018"]
[Site "Batumi"]
[Date "2018.09.25"]
[Round "2"]
[Board "2"]
[WhiteFideId "6405525"]
[White "Abreu Jean Carlos Paul"]
[BlackFideId "2210622"]
[Black "Perez Candelario Manuel"]
[Result "1/2-1/2"]
[LiveChessVersion "1.4.8"]
[BlackElo "2590"]
[WhiteElo "2310"]

1. d4 {[%clk 1:30:56]} g6 {[%clk 1:30:56]} 2. Nf3 {[%clk 1:30:24]} Bg7
{[%clk 1:31:21]} 3. c3 {[%clk 1:30:29]} d6 {[%clk 1:31:29]} 4. e4
{[%clk 1:28:34]} Nf6 {[%clk 1:30:50]} 5. Bd3 {[%clk 1:28:12]} O-O
{[%clk 1:30:02]} 6. O-O {[%clk 1:27:59]} Nc6 {[%clk 1:26:28]} 7. Bg5
{[%clk 1:21:57]} h6 {[%clk 1:25:36]} 8. Bh4 {[%clk 1:21:52]} e5 {[%clk 1:17:50]}
9. dxe5 {[%clk 1:20:39]} dxe5 {[%clk 1:18:01]} 10. Bxf6 {[%clk 1:18:19]} Qxf6
{[%clk 1:17:51]} 11. Nbd2 {[%clk 1:17:56]} h5 {[%clk 1:14:21]} 12. Nc4
{[%clk 1:12:09]} Rd8 {[%clk 1:06:50]} 13. Qe2 {[%clk 1:09:47]} Bg4
{[%clk 1:00:32]} 14. Rfd1 {[%clk 1:06:41]} Bxf3 {[%clk 0:57:05]} 15. Qxf3
{[%clk 1:07:01]} Qxf3 {[%clk 0:57:31]} 16. gxf3 {[%clk 1:07:24]} Kf8
{[%clk 0:55:32]} 17. Kf1 {[%clk 0:52:43]} a6 {[%clk 0:49:27]} 18. Ke2
{[%clk 0:48:32]} Ke8 {[%clk 0:47:46]} 19. a4 {[%clk 0:44:15]} Rd7
{[%clk 0:45:57]} 20. Ne3 {[%clk 0:42:37]} Nd8 {[%clk 0:43:38]} 21. Bc4
{[%clk 0:41:31]} Rxd1 {[%clk 0:43:32]} 22. Rxd1 {[%clk 0:40:59]} a5
{[%clk 0:40:57]} 23. Bb5+ {[%clk 0:37:44]} c6 {[%clk 0:40:29]} 24. Bc4
{[%clk 0:35:37]} Ke7 {[%clk 0:37:07]} 25. Bb3 {[%clk 0:34:51]} Ne6
{[%clk 0:30:55]} 26. Bxe6 {[%clk 0:35:13]} Kxe6 {[%clk 0:31:21]} 27. Nc4
{[%clk 0:33:20]} Bf8 {[%clk 0:31:06]} 28. Nb6 {[%clk 0:31:08]} Ra6
{[%clk 0:31:19]} 29. Nc4 {[%clk 0:27:32]} Be7 {[%clk 0:29:13]} 30. Rd3
{[%clk 0:24:03]} b5 {[%clk 0:22:21]} 31. axb5 {[%clk 0:24:12]} cxb5
{[%clk 0:22:48]} 32. Ne3 {[%clk 0:24:15]} a4 {[%clk 0:21:27]} 33. Nd5
{[%clk 0:24:02]} Bd6 {[%clk 0:21:19]} 34. Rd2 {[%clk 0:17:11]} a3
{[%clk 0:17:40]} 35. bxa3 {[%clk 0:17:34]} Rxa3 {[%clk 0:17:59]} 36. Rb2
{[%clk 0:17:58]} Ra5 {[%clk 0:18:17]} 37. Ke3 {[%clk 0:12:32]} Kd7
{[%clk 0:17:46]} 38. Ke2 {[%clk 0:03:25]} Kc6 {[%clk 0:15:27]} 39. Kf1
{[%clk 0:02:07]} Ra4 {[%clk 0:08:15]} 40. Rd2 {[%clk 0:32:06]} f5
{[%clk 0:37:16]} 41. exf5 {[%clk 0:32:21]} gxf5 {[%clk 0:37:19]} 42. Ne3
{[%clk 0:31:55]} f4 {[%clk 0:33:44]} 43. Nd5 {[%clk 0:28:21]} e4 {[%clk 0:29:38]}
44. Kg2 {[%clk 0:26:44]} e3 {[%clk 0:25:42]} 45. fxe3 {[%clk 0:27:00]} fxe3
{[%clk 0:26:06]} 46. Nxe3 {[%clk 0:26:00]} Bf4 {[%clk 0:26:26]} 47. Re2
{[%clk 0:25:46]} Kc5 {[%clk 0:23:15]} 48. Nd1 {[%clk 0:23:03]} Bc7
{[%clk 0:22:20]} 49. Nf2 {[%clk 0:23:15]} Kc4 {[%clk 0:21:14]} 50. Ne4
{[%clk 0:21:50]} Kd3 {[%clk 0:19:36]} 51. Rb2 {[%clk 0:21:03]} Ke3
{[%clk 0:19:20]} 52. Nf6 {[%clk 0:15:27]} Be5 {[%clk 0:15:20]} 53. Nd5+
{[%clk 0:12:37]} Kd3 {[%clk 0:15:46]} 54. f4 {[%clk 0:12:53]} Bd6
{[%clk 0:14:44]} 55. Kf3 {[%clk 0:09:34]} Ra1 {[%clk 0:14:02]} 56. Ne3
{[%clk 0:08:16]} Ra4 {[%clk 0:13:29]} 57. Nd5 {[%clk 0:08:25]} Ra1
{[%clk 0:13:32]} 58. Ne3 {[%clk 0:08:50]} Ra4 {[%clk 0:12:13]} 59. Nd5
{[%clk 0:09:13]} Ra1 1/2-1/2

[Event "World Chess Olympiad 2018"]
[Site "Batumi"]
[Date "2018.09.25"]
[Round "2"]
[Board "4"]
[WhiteFideId "6408885"]
[White "Camacho Campusano David Daniel"]
[BlackFideId "3503054"]
[Black "Vazquez Igarza Renier"]
[Result "0-1"]
[LiveChessVersion "1.4.8"]
[BlackElo "2573"]
[WhiteElo "2140"]

1. e4 {[%clk 1:30:51]} c5 {[%clk 1:30:47]} 2. Nf3 {[%clk 1:31:09]} Nc6
{[%clk 1:30:37]} 3. d4 {[%clk 1:31:19]} cxd4 {[%clk 1:30:59]} 4. Nxd4
{[%clk 1:31:40]} g6 {[%clk 1:31:06]} 5. c4 {[%clk 1:30:15]} Nf6 {[%clk 1:31:10]}
6. Nc3 {[%clk 1:29:50]} d6 {[%clk 1:31:31]} 7. Be2 {[%clk 1:29:30]} Nxd4
{[%clk 1:30:48]} 8. Qxd4 {[%clk 1:29:35]} Bg7 {[%clk 1:31:15]} 9. Be3
{[%clk 1:28:27]} O-O {[%clk 1:28:43]} 10. Qd2 {[%clk 1:22:35]} Be6
{[%clk 1:26:00]} 11. O-O {[%clk 1:20:43]} Qa5 {[%clk 1:25:22]} 12. Nd5
{[%clk 1:08:11]} Qxd2 {[%clk 1:24:09]} 13. Nxe7+ {[%clk 1:07:33]} Kh8
{[%clk 1:24:33]} 14. Bxd2 {[%clk 1:07:44]} Nxe4 {[%clk 1:06:45]} 15. Be3
{[%clk 1:00:06]} Rfe8 {[%clk 0:49:03]} 16. Nd5 {[%clk 0:59:37]} Rac8
{[%clk 0:48:42]} 17. Rac1 {[%clk 0:55:33]} b5 {[%clk 0:44:45]} 18. b3
{[%clk 0:41:53]} Bxd5 {[%clk 0:42:51]} 19. cxd5 {[%clk 0:42:14]} Nc3
{[%clk 0:43:05]} 20. Rxc3 {[%clk 0:29:23]} Rxc3 {[%clk 0:41:09]} 21. Bxb5
{[%clk 0:29:34]} Re7 {[%clk 0:39:43]} 22. Bc4 {[%clk 0:25:55]} f5
{[%clk 0:35:11]} 23. g3 {[%clk 0:24:33]} Kg8 {[%clk 0:29:06]} 24. a4
{[%clk 0:22:27]} Kf7 {[%clk 0:24:33]} 25. a5 {[%clk 0:20:11]} h5 {[%clk 0:24:27]}
26. Bf4 {[%clk 0:13:07]} Be5 {[%clk 0:24:12]} 27. Bg5 {[%clk 0:11:05]} Rc7
{[%clk 0:23:03]} 28. a6 {[%clk 0:09:21]} Rc2 {[%clk 0:19:49]} 29. Rd1
{[%clk 0:08:52]} Ra2 {[%clk 0:18:16]} 30. h4 {[%clk 0:05:02]} Bc3
{[%clk 0:17:31]} 31. Rd3 {[%clk 0:02:20]} Be1 {[%clk 0:13:51]} 32. Rf3
{[%clk 0:01:07]} Bd2 {[%clk 0:13:17]} 33. Bxd2 {[%clk 0:00:34]} Rxd2
{[%clk 0:13:44]} 34. Re3 {[%clk 0:00:38]} Re7 {[%clk 0:13:51]} 35. Rc3
{[%clk 0:00:33]} Kf6 {[%clk 0:11:42]} 36. b4 {[%clk 0:00:34]} Rc7
{[%clk 0:08:39]} 37. b5 {[%clk 0:00:34]} Rb2 {[%clk 0:06:33]} 38. Rb3
{[%clk 0:00:35]} Rxb3 {[%clk 0:06:28]} 39. Bxb3 {[%clk 0:01:02]} Ke5
{[%clk 0:06:06]} 40. Kf1 {[%clk 0:30:57]} Kd4 {[%clk 0:35:00]} 41. Kg2
{[%clk 0:29:43]} Kc5 {[%clk 0:33:10]} 42. Kf3 {[%clk 0:29:32]} Re7
{[%clk 0:28:43]} 43. Kf4 {[%clk 0:24:28]} Re4+ {[%clk 0:29:00]} 44. Kg5
{[%clk 0:24:48]} Rg4+ {[%clk 0:29:24]} 45. Kf6 {[%clk 0:24:38]} f4
{[%clk 0:29:49]} 46. gxf4 {[%clk 0:23:48]} Rxf4+ {[%clk 0:30:07]} 47. Kxg6
{[%clk 0:23:19]} Rxh4 {[%clk 0:30:31]} 48. Kg5 {[%clk 0:22:28]} Rg4+
{[%clk 0:30:51]} 49. Kf5 {[%clk 0:21:29]} Rg2 {[%clk 0:30:05]} 50. Ke6
{[%clk 0:20:02]} h4 {[%clk 0:28:34]} 0-1